| 000 | 00501nam a2200169Ia 4500 | ||
|---|---|---|---|
| 999 |
_c26574 _d26574 |
||
| 003 | OSt | ||
| 005 | 20201207143146.0 | ||
| 008 | 190216s9999||||xx |||||||||||||| ||und|| | ||
| 040 | _coclc | ||
| 082 |
_a894.8124 _bSAM/V |
||
| 100 |
_aSamkruthyayan, Rahul _97113 |
||
| 245 | 0 |
_aVolga Muthal Ganga Vare / _cRahul Samkruthyayan |
|
| 260 |
_bChintha Publishers, _aTrivandrum; _c1988. |
||
| 300 | _a330p | ||
| 650 | _aMalayalam | ||
| 942 |
_cBK _2ddc _h894.8124 _iSAM/V _k894.8124 _mSAM/V |
||